Szczegóły MARC21

Społeczno-ekonomiczne uwarunkowania turystyki transgranicznej na obszarach przyrodniczo cennych /

003 -Nazwa inst., której nr kontr. jest w polu 001 [,]
    • @
    • Nazwa instytucji, której n kontrolny jest w polu 001
    • NUKAT
005 -DATA I CZAS OSTATNIEJ MODYFIKACJI [,]
    • @
    • pole kontrolne
    • 20241231105004.0
020 -Międzynarod. znormalizowany nr książki - ISBN [ , ]
    • a
    • Numer ISBN
    • 9788379860135 Find
040 -Instytucja sporządzająca opis [ , ]
    • a
    • Instytucja, która sporządziła opis (NP)
    • KR U/BU
    • c
    • Instytucja, która sporządziła rekord (NP)
    • KR U/BU
    • d
    • Instytucja, która zmodyfikowała rekord (P)
    • KR U/BUs
    • d
    • Instytucja, która zmodyfikowała rekord (P)
    • SZCZ U/JS
942 -Rodzaj dokumentu [ , ]
    • c
    • Rodzaj dokumentu
    • Książka
245 -Strefa tytułu i oznaczenia odpowiedzialności [0,0]
    • a
    • Tytuł
    • Społeczno-ekonomiczne uwarunkowania turystyki transgranicznej na obszarach przyrodniczo cennych / Find
    • c
    • Pozostałe elementy strefy tytułu i oznaczenia odpowiedzialności (NP)
    • red. nauk. Wojciech Zbaraszewski, Dariusz Pieńkowski, Wilhelm Steingrube.
260 -Strefa adresu wydawniczego [ , ]
    • a
    • Miejsce wydania (P)
    • Greifswald ;
    • a
    • Miejsce wydania (P)
    • Szczecin :
    • b
    • Nazwa wydawcy (P)
    • Bogucki Wydawnictwo Naukowe,
    • c
    • Data wydania (P)
    • 2014.
300 -Strefa opisu fizycznego [ , ]
    • a
    • Określenie formy książki i/lub objętość (NP)
    • 179 s. :
    • b
    • Oznaczenie ilustracji (NP)
    • il. (w tym kolor.) ;
    • c
    • Format (NP)
    • 24 cm.
336 -Typ zawartości [ , ]
    • a
    • Termin opisujący typ zawartości
    • Tekst
    • b
    • Kod określający zawartość
    • txt
    • 2
    • Źródło (terminu i kodu)
    • rdacontent
337 -Typ mediów [ , ]
    • a
    • Tryb odtwarzania
    • Bez urządzenia pośredniczącego
    • b
    • Kod typu mediów
    • n
    • 2
    • Źródło (terminu i kodu)
    • rdamedia
338 -Typ/rodzaj nośnika [ , ]
    • a
    • Hasło opisujące typ nośnika
    • Wolumin
    • b
    • Kod typu nośnika
    • nc
    • 2
    • Źródło (terminu i kodu)
    • rdacarrier
504 -Uwaga dot. bibliogr. załącznikowej [ , ]
    • a
    • Uwaga dot. bibliografii załącznikowej
    • Bibliogr. s. 121-126 i przy niektórych pracach.
080 -Uniwersalna Klasyfikacja Dziesiętna [ , ]
    • 2
    • Identyfikator wydania tablic
    • UDC-P058
    • 9
    • UKD
    • 3272
    • a
    • Symbol klasyfikacji
    • 338.48-6:502/504
    • b
    • Dopowiedzenie
    • Ekoturystyka. Turystyka przyrodnicza.
    • 4
    • UKD2
    • 7642
    • x
    • Poddział wspólny
    • (438)
    • c
    • Dopowiedzenie poddz. wspólnego
    • (Polska).
    • 4
    • UKD2
    • 7885
    • x
    • Poddział wspólny
    • (430)
    • c
    • Dopowiedzenie poddz. wspólnego
    • (Niemcy. Republika Federalna od 1990).
080 -Uniwersalna Klasyfikacja Dziesiętna [ , ]
    • 2
    • Identyfikator wydania tablic
    • UDC-P058
    • 9
    • UKD
    • 48140
    • a
    • Symbol klasyfikacji
    • 339.92(438+430/485]-04)
    • b
    • Dopowiedzenie
    • Euroregion współpracy przygranicznej Polski, Niemiec i Szwecji "Pomerania".
650 -Hasło przedmiotowe [ ,7]
    • a
    • Hasło przedmiotowe
    • Turystyka
    • x
    • Określnik rzeczowy
    • aspekt ekonomiczny
    • y
    • Określnik chronologiczny
    • 1990-.
    • 2
    • Źródło terminu
    • kaba
    • 9
    • KHW
    • 360540
650 -Hasło przedmiotowe [ ,7]
    • a
    • Hasło przedmiotowe
    • Turystyka
    • x
    • Określnik rzeczowy
    • aspekt społeczny
    • y
    • Określnik chronologiczny
    • 1990-.
    • 2
    • Źródło terminu
    • kaba
    • 9
    • KHW
    • 362957
650 -Hasło przedmiotowe [ ,7]
    • a
    • Hasło przedmiotowe
    • Regiony przygraniczne
    • z
    • Określnik geograficzny
    • Polska
    • z
    • Określnik geograficzny
    • Pomorze Zachodnie (region)
    • y
    • Określnik chronologiczny
    • 1990-.
    • 2
    • Źródło terminu
    • kaba
    • 9
    • KHW
    • 386139
650 -Hasło przedmiotowe [ ,7]
    • a
    • Hasło przedmiotowe
    • Turystyka
    • z
    • Określnik geograficzny
    • Euroregion "Pomerania".
    • 2
    • Źródło terminu
    • kaba
    • 9
    • KHW
    • 386140
980 -Symbol UKD [ , ]
    • a
    • UKD
    • 338.48-6:502/504(438:430):339.92(438+430/485]-04)
700 -Hasło dodatkowe - nazwa osobowa [1, ]
    • a
    • Nazwa osobowa (NP)
    • Pieńkowski, Dariusz. Find
    • e
    • Określenie rodzaju współpracy
    • Red.
    • 9
    • KHW
    • 51583
700 -Hasło dodatkowe - nazwa osobowa [1, ]
    • a
    • Nazwa osobowa (NP)
    • Steingrube, Wilhelm. Find
    • e
    • Określenie rodzaju współpracy
    • Red.
    • 9
    • KHW
    • 73154
700 -Hasło dodatkowe - nazwa osobowa [1, ]
    • a
    • Nazwa osobowa (NP)
    • Zbaraszewski, Wojciech. Find
    • e
    • Określenie rodzaju współpracy
    • Red.
    • 9
    • KHW
    • 73155
710 -Hasło dodatkowe - nazwa ciała zbiorowego [2, ]
    • a
    • Nazwa ciała zbiorowego lub nazwa geograficzna jako pierwszy element (NP)
    • Bogucki Wydawnictwo Naukowe.
    • 4
    • Kod relacji
    • pbl
    • 9
    • KHW
    • 63513
920 -ISBN [ , ]
    • a
    • ISBN
    • 978-83-7986-013-5 Find
Data inwentaryzacji Lokalizacja Sygnatura Numer inwentarzowy Status udost.
2014-05-16BE E.75227-2
2014-05-16BE S.94828-2
2015-01-28BG Z.1195931
2015-01-28BG WM.17192-3
2015-10-07TT.19033T.19033-2